000 00349nam a22001337a 4500
020 _a9789694171487
082 _a954.915
100 _aShahwani, Abdul Hameed, Dr.
245 _aTarikh wa Saqafat
_cDr. Abdul Hameed Shahwani
260 _aIslamabad
_bHigher Education Commission
_c2011
300 _a158p
563 _aP.B
942 _2ddc
_cBK
999 _c589232
_d589232